Más de la mitad de los niños y adolescentes de América Latina son pobres
Guardado en:
| Format: | Texto |
|---|---|
| Fag: | |
| Tags: |
Tilføj Tag
Ingen Tags, Vær først til at tagge denne postø!
|
MARC
| LEADER | 00000 a a2200000 04500 | ||
|---|---|---|---|
| 001 | 10236 | ||
| 003 | |||
| 040 | |||
| 245 | |a Más de la mitad de los niños y adolescentes de América Latina son pobres | ||
| 650 | |a NIÑOS | ||
| 650 | |a INFANCIA | ||
| 650 | |a ADOLESCENTES | ||
| 650 | |a POBREZA | ||
| 650 | |a DESIGUALDAD SOCIAL | ||
| 650 | |a ACCESO A LA EDUCACION | ||
| 650 | |a ESCOLARIDAD | ||
| 650 | |a MORTALIDAD INFANTIL | ||
| 650 | |a ACCESO A LA SALUD | ||
| 773 | |g número 18 Especial; páginas 3-5 | ||
| 999 | |c 28946 |d 28946 | ||
